| 000 | 00593nam a22002297a 4500 | ||
|---|---|---|---|
| 005 | 20230928194738.0 | ||
| 008 | 160128b2009 xxu||||| |||| 00| 0 spa d | ||
| 020 | _a9968310948 | ||
| 041 | _aESP | ||
| 082 | _a303.372 Z49e | ||
| 100 |
_aZeledón Ruíz, María del Pilar _92442 |
||
| 245 | _aEducación infantil en valores desde la ética de la alteridad | ||
| 260 |
_aCosta Rica _bEUNED _c2009 |
||
| 300 | _a300 páginas | ||
| 650 | _aCOSTA RICA | ||
| 650 | _aVALORES | ||
| 650 | _aETICA | ||
| 650 |
_aAXIOLOGIA _92443 |
||
| 650 | _aCUENTOS | ||
| 650 |
_aMORAL _92444 |
||
| 942 | _cBK | ||
| 999 |
_c7566 _d7566 |
||